| 000 | 003490000a22001210004500 | ||
|---|---|---|---|
| 090 |
_aAS _bSeriadas |
||
| 245 | 1 | 0 | _aEspecies colombianas del género Brotula (<Pisces: Ophiidae>) |
| 041 | 0 | _aEspañol | |
| 700 | 1 |
_aAcero P., Arturo _97522 |
|
| 100 | 1 |
_aFranke Ante, Rebeca _980215 |
|
| 942 | _cARTICULO | ||
| 773 | 1 |
_tCaldasia _345 _h82-85 _q597-602 _d1995 _g17 |
|
| 999 |
_c14562 _d14562 |
||